000
00284nam a22001217a 4500
008
171003b xxu||||| |||| 00| 0 eng d
041
_a
eng
080
_a
159.9
100
_a
48
101
_a
PSI
245
_a
ATTACHMENT THEORY AND CLOSE RELATIONSHIPS
_c
SIMPSON,J,A
942
_2
udc
_c
BK
999
_c
31442
_d
31442